| 000 | 00956nam a2200217Ia 4500 | ||
|---|---|---|---|
| 999 |
_c59229 _d59229 |
||
| 001 | 10450 | ||
| 003 | GE_BSU | ||
| 005 | 20221219105502.0 | ||
| 008 | 181216s||||||||xx |||||||||||||| ||und|| | ||
| 020 | _a9789992895269 | ||
| 040 | _cGE_BSU | ||
| 080 | _a821.353.1 | ||
| 245 | _aქართული პროზა:წ.3:მეთერთმეტე–მეთოთხმეტე საუკუნეების მწერლობა | ||
| 245 | _cსარედ.კოლ:გრ. აბაშიძე და სხვ.შემდგ: გ. გვერდწითელი, ნ. ებრალიძე,რ. თვარაძე.რედ:ზ.აბესაძე;მხატვ:დ.დუნდუა | ||
| 260 | _aთბილისი | ||
| 260 | _bსაბჭოთა საქართველო | ||
| 260 | _c1982 | ||
| 300 | _a431გვ;20სმ | ||
| 653 | _aქართული პროზა: | ||
| 942 |
_cBK _2udc |
||